Tennis Strokes - Statistics

General Stats
  • This quiz has been taken 35 times
    18 since last reset
  • The average score is 8 of 12
Answer Stats
Answer % Correct
Backhand
100%
Forehand
100%
Overhead or Smash
100%
Slice
100%
Drop Shot
93%
Serve
93%
Volley
86%
Lob
79%
Half Volley
43%
Approach Shot
29%
Serve Return
14%
Tweener or Between-The-Legs
0%
No matching quizzes found
Score Distribution
Percent of People with Each Score
Percentile by Number Answered
Your Score History
You have not taken this quiz since the last reset